|
|
|
|
| LEADER |
00000nab a2200000uu 4500 |
| 001 |
vtls011460173 |
| 003 |
SK-MaSNL |
| 005 |
20260303151535.0 |
| 008 |
230222|2013 xo |||||||||||||||||eng| |
| 015 |
|
|
|a SNBRB
|
| 035 |
|
|
|a (urnnbn)urn:nbn:sk:snk:ar-a0abmj
|
| 035 |
|
|
|a (uuid)4c6c72db-8a63-4304-99c4-ca99fc5930a2
|
| 035 |
|
|
|a urn:nbn:sk:snk-abcu50
|
| 040 |
|
|
|a SNKBUCL
|b slo
|c SNKBUCL
|e AACR2
|
| 041 |
0 |
|
|a eng
|
| 044 |
|
|
|a xo
|c SK
|
| 100 |
1 |
|
|a Fehér, Alexander,
|d 1967-
|4 aut
|9 103441
|
| 245 |
1 |
0 |
|a GRADIENT ANALYSIS OF IMPORTANCE OF SPONTANEOUSLY OCCURRING VASCULAR PLANT SPECIES IN ENERGY TREE AND GRASS STANDS
|c Alexander Fehér, Daniela Halmová, Lýdia Končeková
|
| 700 |
1 |
|
|a Halmová, Daniela,
|d 1962-
|4 aut
|9 197803
|
| 700 |
1 |
|
|a Končeková, Lýdia
|4 aut
|9 788939
|
| 773 |
0 |
|
|t Acta regionalia et environmentalica : vedecký časopis pre regionálne a environmentálne vedy
|g Roč. 10, č. 2 (2013), s. 33-35
|
| 958 |
|
|
|a OND
|
| 958 |
|
|
|a EUIPO
|
| 958 |
|
|
|a article16
|
| 999 |
|
|
|c 2018138
|d 2020068
|